LEADER 00518nab a2200133 i 4500 001 000000328035 003 CaOOAMICUS 005 20180831173553.0 008 180831n it uu u0 0ita r 013 $a39637 040 $aSeMil$bita 245 10$aMedie-Ginnasio. Lungo il sentiero di San Francesco. - In [rubrica] :$bNotizie dai Seminari. 773 0 $t[OTTOBRE 1998]. - 32 p.$gp.12-13$w()290632 996 $6245$aMedie-Ginnasio. Lungo il sentiero di San Francesco. - In [rubrica] :$bNotizie dai Seminari.$9(OLS)http://semarc/title/416635 LEADER 00605naa a2200157 i 4500 001 000000307009 003 CaOOAMICUS 005 20180831172908.0 008 180831n xx u000 u fre u 013 $a15596 040 $aSeMil$bita 100 1 $aPicon, Raphael.$0(OLS)http://semarc/name/87686 245 13$aLa theologie a besoin des autres. 650 4$aTeologi - Attività professionale.$0(OLS)http://semarc/subject/10783 773 0 $tThéologiens.$dParis : Bayard, 2009.$kPour qui? Pour quoi?$z978-2-227-47884-8$gp.181-186$w()135273 996 $6245$aLa theologie a besoin des autres$9(OLS)http://semarc/title/382410